00487nam a2200193Ia 4500008004100000020001800041050001500059050001400074245002100088245002700109260002000136260002900156260000900185300001600194300002600210300001100236500002000247650002600267160819s9999 xx 000 0 und d a1-84533-247-4 aCUL TP 548 b.W56 2006 aWine made easy / cedited by Susy Atkins. aGreat Britain : bOctopus Pub. Group Ltd., c2006 a160 pages : bcolor illustrations ; c24 cm. aIncludes index. aWine and wine making.